La Gobernabilidad en América Latina: balance reciente y tendencias a futuro
Se expone que en el pasado casi todos los países latinoamericanos se han visto envueltos en serias crisis institucionales perdiendo, en ocasiones, la capacidad de formular políticas de Estado que respondan a las demandas ciudadanas
Αποθηκεύτηκε σε:
| Κύριος συγγραφέας: | |
|---|---|
| Μορφή: | Κείμενο |
| Γλώσσα: | Spanish |
| Έκδοση: |
San José:
FLACSO. Secretaría General
|
| Θέματα: | |
| Ετικέτες: |
Προσθήκη ετικέτας
Δεν υπάρχουν, Καταχωρήστε ετικέτα πρώτοι!
|
MARC
| LEADER | 00000 a a2200000 04500 | ||
|---|---|---|---|
| 001 | 36044 | ||
| 003 | cru CIDCACS/IIS | ||
| 005 | 20170313101605.0 | ||
| 008 | 170313b xxu||||| |||| 00| 0 spa d | ||
| 040 | |c CIDCACS/IIS | ||
| 090 | |a 04.03.02 R741g | ||
| 100 | |a Rojas Aravena, Francisco | ||
| 245 | |a La Gobernabilidad en América Latina: balance reciente y tendencias a futuro | ||
| 260 | |a San José: |b FLACSO. Secretaría General | ||
| 300 | |a 43 p. | ||
| 500 | |a Informe del Secretario General de FLACSO presentado al Consejo Superior el 28 de julio de 2005 | ||
| 520 | |a Se expone que en el pasado casi todos los países latinoamericanos se han visto envueltos en serias crisis institucionales perdiendo, en ocasiones, la capacidad de formular políticas de Estado que respondan a las demandas ciudadanas | ||
| 650 | |a CRISIS | ||
| 650 | |a DEMOCRACIA | ||
| 650 | |a ECONOMIA | ||
| 650 | |a SOCIEDAD | ||
| 650 | |a ACCESO A LA SALUD | ||
| 650 | |a ACCESO A LA EDUCACION | ||
| 650 | |a AMERICA LATINA | ||
| 942 | |2 ddc |c LI | ||
| 999 | |c 10530 |d 10530 | ||
